<?xml version="1.0" encoding="UTF-8"?>
<marc:record xmlns:marc="http://www.loc.gov/MARC21/slim">
   <marc:leader>00000nam a2200000 a 4500</marc:leader>
   <marc:datafield ind1="1" ind2=" " tag="100">
      <marc:subfield code="a">Seitz, Nicol. Anton.</marc:subfield>
   </marc:datafield>
   <marc:datafield ind1="1" ind2=" " tag="100">
      <marc:subfield code="a">Handl, Franc. Josephus</marc:subfield>
   </marc:datafield>
   <marc:datafield ind1=" " ind2="1" tag="264">
      <marc:subfield code="c">1757</marc:subfield>
   </marc:datafield>
   <marc:datafield ind1="1" ind2=" " tag="520">
      <marc:subfield code="a">Vermerk am Vortitelbl.: Anna Gottmann, Vermerk am Titelbl.: Sittenthaler; Verzierungen, Zierkupferstiche und Zierinitialen im Text; braun-schwarz gemusterter Ledereinband auf Buchdeckeln aus Pappe, Super libros "J. v. P." in Goldprägung auf dem vorderen Buchdeckel, Buchrücken mit 5 Bünden, fleuralen Goldverzierungen ober- und unterhalb der Bünde, orangem "UBUNGE || DES || CHRISTE" und grünem Titelschild, rote Schnittkante, Spiegel und Vorsatzbl. mit rot marmorierten Papier bezogen.</marc:subfield>
   </marc:datafield>
   <marc:datafield ind1=" " ind2=" " tag="041">
      <marc:subfield code="a">ger</marc:subfield>
   </marc:datafield>
   <marc:datafield ind1=" " ind2=" " tag="500">
      <marc:subfield code="a">Titelbl. in Rot- und Schwarzdr. - Bibliogr. Nachweis: VD18 80217990</marc:subfield>
   </marc:datafield>
   <marc:datafield ind1="0" ind2=" " tag="490">
      <marc:subfield code="v">1.</marc:subfield>
   </marc:datafield>
   <marc:datafield ind1=" " ind2=" " tag="300">
      <marc:subfield code="a">[6] Bl., 20, 317 S.</marc:subfield>
   </marc:datafield>
</marc:record>
